00881 2200301 4500001002100000005001500021035002500036090002100061245009900082250001000181260003000191300003600221007000300257008004100260020002200301040001700323082001700340084001900357100001800376650003400394700001900428700002500447850001200472504003200484999002100516990002100537990002100558YOGYA00000000004157420221220101741 a0010-081400000041292 aCB-D.11 2011-33710aSistem tatakelola teknologi informasi /cJogiyanto H.M...[et.all]; editor, Fl. Sigit Suayntoro aed. 13 aYogyakarta :bAndi,c2011 axiv, 418 hlm. :bilus. ;c23 cmta130828s2011 yoia g ind d a978-979-29-1775-8 aYOPDYOGbind04223a658.4038 a658.4038 JOG s0 aJogiyanto H.M 4aSistem informasi--xManajemen0 aWilly Abdillah1 aSigit Suyantoro, Fl. aYOPDYOG aBibliografi: hlm. [395]-418 aCB-D.11/2011-337 aCB-D.11/2011-337 aCB-D.11/2011-337